LEADER 00852nam0-2200265 --450 001 9911055926103321 005 20260130100508.0 010 $a978-88-495-5994-1 100 $a20260130d2025----kmuy0itay5050 ba 101 0 $aita 102 $aIT 105 $a 001yy 200 1 $aCorpo e diritto$eautodeterminazione biotecnologica e istanze solidaristiche$fIlenia Rapisarda 210 $aNapoli$cEdizioni scientifiche italiane$d2025 215 $a286 p.$d24 cm 225 1 $aPubblicazioni della Facoltà di giurisprudenza. Nuova serie$fUniversità di Catania$v306 676 $a344.04194$v23$zita 700 1$aRapisarda,$bIlenia$01890332 801 0$aIT$bUNINA$gREICAT$2UNIMARC 901 $aBK 912 $a9911055926103321 952 $aUNIV. 36 (306)$b2025/2370$fFGBC 959 $aFGBC 996 $aCorpo e diritto$94532147 997 $aUNINA